| 000 | 01435cam a22003614a 4500 | ||
|---|---|---|---|
| 001 | 11791497 | ||
| 003 | SISC | ||
| 005 | 20160404133626.0 | ||
| 008 | 990917s2000 mnua j b 001 0 eng | ||
| 010 | _a 99048087 | ||
| 020 | _a0736804145 | ||
| 020 | _a0736804382 (series) | ||
| 040 |
_aDLC _cDLC _dDLC |
||
| 042 |
_apcc _alcac |
||
| 050 | 0 | 0 |
_aHV 5735 _b.G73 2000 |
| 082 | 0 | 0 |
_aHS 362.29 _bG78 2000 |
| 100 | 1 |
_aGraves, Bonnie B. _912175 |
|
| 245 | 1 | 0 |
_aTobacco use / _cBonnie Graves. |
| 260 |
_aMankato, Minn. : _bLifeMatters, _cc2000. |
||
| 300 |
_a64 p. : _bcol. ill. ; _c24 cm. |
||
| 500 | _aIncludes bibliographical references (p. 61) and index. | ||
| 520 | _aDiscusses the history of tobacco, tobacco addiction, influences on tobacco use, consequences, and suggestions on how to quit or never start using tobacco. | ||
| 650 | 0 |
_aTobacco use _vJuvenile literature. _912176 |
|
| 650 | 0 |
_aSmoking _vJuvenile literature. _912177 |
|
| 650 | 0 |
_aTeenagers _xTobacco use _vJuvenile literature. _912178 |
|
| 650 | 0 |
_aTobacco use _xPrevention _vJuvenile literature. _912179 |
|
| 650 | 1 |
_aSmoking. _911238 |
|
| 650 | 1 |
_aTobacco use. _912180 |
|
| 906 |
_a7 _bcbc _corignew _d1 _eocip _f19 _gy-gencatlg |
||
| 942 |
_2lcc _cBK |
||
| 999 |
_c9018 _d9018 |
||